[Event "4NCL 3 South pool C"]
[Site "Reading, ENG"]
[Date "2018.05.06"]
[Round "10.11"]
[White "Brozel, Sacha"]
[Black "Mihalik, Agoston"]
[Result "1/2-1/2"]
[WhiteElo "2230"]
[BlackElo "2168"]
[PlyCount "74"]
[EventDate "2018.05.06"]

1. d4 Nf6 2. c4 e6 3. g3 c5 4. Nf3 cxd4 5. Nxd4 Qb6 6. Bg2 Nc6 7. Nb3 Bb4+ 8.
Bd2 d6 9. O-O Ne5 10. Be3 Qc7 11. a3 Bc5 12. Nxc5 dxc5 13. Nc3 O-O 14. Qb3 a6
15. a4 Rb8 16. a5 Bd7 17. Rfd1 Rfd8 18. Bf4 Nh5 19. Bg5 f6 20. Be3 f5 21. Bg5
Nf6 22. h3 Nf7 23. Bxf6 gxf6 24. f4 Bc6 25. Qb6 Qxb6 26. axb6 Bxg2 27. Kxg2 Nd6
28. b3 Ne4 29. Nxe4 fxe4 30. Kf2 Kf7 31. Ke3 f5 32. g4 Rbc8 33. Rg1 Rc6 34.
gxf5 exf5 35. Rg5 Kf6 36. Rh5 Kg6 37. Rg5+ Kf6 1/2-1/2

[Event "4NCL 3 South pool C"]
[Site "Reading, ENG"]
[Date "2018.05.06"]
[Round "10.12"]
[White "Onley, David E"]
[Black "Villiers, Thomas"]
[Result "1/2-1/2"]
[WhiteElo "2104"]
[BlackElo "2230"]
[PlyCount "100"]
[EventDate "2018.05.06"]

1. e4 d5 2. exd5 Nf6 3. Nc3 Nxd5 4. Bc4 Nb6 5. Bb3 Nc6 6. Nf3 Bf5 7. a4 e6 8.
a5 Nd5 9. a6 Nxc3 10. bxc3 b5 11. Bb2 Be7 12. Qe2 Rb8 13. O-O O-O 14. d4 Bf6
15. Rfd1 Qc8 16. Ba3 Rd8 17. Bc5 Be7 18. Ne5 Nxe5 19. Bxe7 Re8 20. Bc5 Nd7 21.
Bxa7 Ra8 22. Bc5 Nxc5 23. dxc5 Rxa6 24. Qxb5 Rxa1 25. Rxa1 Rd8 26. Qc6 26... h6
$11 27. h3 Qd7 28. Qxd7 Rxd7 29. Ra8+ Kh7 30. Rc8 Kg6 31. f3 e5 32. Re8 Kf6 33.
g4 Rd1+ 34. Kf2 Bxc2 35. Bc4 Rd7 36. Ke3 Re7 37. Rd8 Kg5 38. c6 Bh7 39. h4+ Kf6
40. Ba6 Re6 41. Bb5 g5 42. hxg5+ hxg5 43. Rd7 Re7 44. Bd3 Bxd3 45. Kxd3 Rxd7+
46. cxd7 Ke7 47. Ke4 Kxd7 48. Kxe5 Ke7 49. Kd5 Kd7 50. Ke5 Ke7 1/2-1/2

[Event "4NCL 3 South pool C"]
[Site "Reading, ENG"]
[Date "2018.05.06"]
[Round "10.13"]
[White "Willmoth, Robert F"]
[Black "Headlong, Timothy"]
[Result "1/2-1/2"]
[WhiteElo "2290"]
[BlackElo "2128"]
[PlyCount "71"]
[EventDate "2018.05.06"]

1. Nf3 d5 2. e3 Nf6 3. c4 e6 4. b3 Be7 5. Bb2 O-O 6. Be2 c5 7. O-O Nc6 8. cxd5
Nxd5 9. d4 cxd4 10. exd4 Bd7 11. Re1 Bf6 12. Nbd2 Nce7 13. Ne4 Bc6 14. Bf1 Qb6
15. Ne5 Rad8 16. Qe2 a6 17. Rad1 g6 18. Nc4 Qc7 19. Nxf6+ Nxf6 20. Qe5 Nfd5 21.
Ba3 Rd7 22. Rc1 Rfd8 23. g3 Qxe5 24. Nxe5 Rc7 25. Bg2 Rcc8 26. Bxd5 Nxd5 27.
Nxc6 Rxc6 28. Rxc6 bxc6 29. Rc1 Rc8 30. Kf1 f6 31. Ke2 Kf7 32. Kd3 Ke8 33. f4
Kd7 34. Bc5 Ra8 35. Rc2 f5 36. Ba3 1/2-1/2

[Event "4NCL 3 South pool C"]
[Site "Reading, ENG"]
[Date "2018.05.06"]
[Round "10.14"]
[White "Martin, Lewis"]
[Black "Ethelontis, Alexandros N"]
[Result "0-1"]
[WhiteElo "2089"]
[BlackElo "2125"]
[PlyCount "104"]
[EventDate "2018.05.06"]

1. e4 e6 2. d4 d5 3. Nd2 a6 4. Ngf3 Nf6 5. exd5 exd5 6. Bd3 Bd6 7. O-O O-O 8.
c4 Nc6 9. c5 Be7 10. h3 Be6 11. Re1 Qc8 12. Nf1 Re8 13. Ng3 b6 14. cxb6 cxb6
15. Bf4 Bb4 16. Re2 Qb7 17. Rc1 Bd7 18. Be5 Be7 19. Qd2 Rac8 20. Nf5 Bxf5 21.
Bxf5 Rcd8 22. Rce1 Nxe5 23. Nxe5 g6 24. Qh6 Bf8 25. Qg5 Bg7 26. Bd3 26... Ne4
$11 27. Qf4 Bxe5 28. dxe5 Nc5 29. Bb1 a5 30. Rd2 Qe7 31. Qe3 Rd7 32. f4 Qh4 33.
Kh2 Qh6 34. g3 Red8 35. Red1 Ne6 36. Qxb6 d4 37. f5 Ng5 38. Qb3 Qxh3+ 39. Kg1
Qg4 40. Rf1 d3 41. e6 Qxg3+ 42. Rg2 Qe3+ 43. Kh1 Qh3+ 44. Kg1 Qe3+ 45. Kh1 fxe6
46. Rxg5 Qxg5 47. Qxe6+ Rf7 48. Qc4 Qh5+ 49. Kg1 gxf5 50. Bxd3 Kh8 51. Qc3+
Rg7+ 52. Kf2 Re8 0-1

[Event "4NCL 3 South pool C"]
[Site "Reading, ENG"]
[Date "2018.05.06"]
[Round "10.15"]
[White "Eden, Tomer"]
[Black "Richmond, Peter"]
[Result "1/2-1/2"]
[WhiteElo "2185"]
[BlackElo "2091"]
[PlyCount "93"]
[EventDate "2018.05.06"]

1. Nf3 c5 2. b3 Nc6 3. Bb2 d6 4. g3 e5 5. d3 g6 6. Bg2 Bg7 7. O-O f5 8. c4 Nf6
9. Nc3 O-O 10. Ne1 f4 11. e3 fxe3 12. fxe3 Bg4 13. Qd2 Qd7 14. Nc2 Bh6 15. Nd5
Nxd5 16. Bxd5+ Be6 17. Qg2 Nb4 18. Nxb4 Bxe3+ 19. Kh1 cxb4 20. Bxe6+ Qxe6 21.
Qxb7 Qh3 22. Qg2 Qxg2+ 23. Kxg2 Rf5 24. Rf3 Raf8 25. Raf1 Kg7 26. g4 Rf4 27.
Rxf4 Rxf4 28. Rxf4 Bxf4 29. h3 Kf6 30. Kf3 Bd2 31. d4 Ke6 32. Ke4 exd4 33. Bxd4
a6 34. Bb6 Bc1 35. Bd8 Bb2 36. Bg5 Bc3 37. Be3 Bf6 38. Bb6 Bb2 39. Ba5 Ba3 40.
h4 h5 41. g5 Ke7 42. Kd5 Kd7 43. Bb6 Bc1 44. Bf2 Bf4 45. Be1 a5 46. Bf2 Bh2 47.
Be1 1/2-1/2

[Event "4NCL 3 South pool C"]
[Site "Reading, ENG"]
[Date "2018.05.06"]
[Round "10.16"]
[White "Hackett, Dave G"]
[Black "Chauhan, Pranay"]
[Result "0-1"]
[WhiteElo "2092"]
[BlackElo "1997"]
[PlyCount "75"]
[EventDate "2018.05.06"]
[WhiteTeam "Brown Jack 1"]
[BlackTeam "Barnet Knights 1"]

1. e4 e6 2. d4 d5 3. e5 c5 4. c3 Nc6 5. Nf3 Bd7 6. Bd3 cxd4 7. cxd4 Qb6 8. O-O
Nxd4 9. Nxd4 Qxd4 10. Nc3 a6 11. Qe2 Ne7 12. Rd1 Qh4 13. f4 g6 14. g3 Qh3 15.
Qf3 Nf5 16. Bf1 Bc5+ 17. Kh1 Qh6 18. Bg2 Bc6 19. Rd3 O-O 20. Bd2 Rfc8 21. g4
Nd4 22. Qg3 Bb5 23. Nxb5 axb5 24. f5 g5 25. Qh3 Qxh3 26. Rxh3 Nc6 27. fxe6 fxe6
28. Bxg5 Nxe5 29. Bf1 Nxg4 30. Rg3 Nf2+ 31. Kg2 Ne4 32. Rg4 h5 33. Rxe4 dxe4
34. Bxb5 Bd4 35. Bd7 Rc2+ 36. Kg3 Rf8 37. Be7 Be5+ 38. Kh3 0-1

[Event "4NCL 3 South pool C"]
[Site "Reading, ENG"]
[Date "2018.05.06"]
[Round "10.21"]
[White "Gill, Oliver"]
[Black "Thompson, Ian D"]
[Result "1/2-1/2"]
[WhiteElo "2133"]
[BlackElo "2191"]
[PlyCount "43"]
[EventDate "2018.05.06"]

1. e4 e5 2. Nf3 Nc6 3. Bb5 a6 4. Bxc6 dxc6 5. O-O Bg4 6. h3 h5 7. d3 Qf6 8.
Nbd2 Ne7 9. Re1 Ng6 10. d4 Bd7 11. dxe5 Nxe5 12. Nxe5 Qxe5 13. Nf3 Qd6 14. Bg5
Be7 15. e5 Qxd1 16. Raxd1 Be6 17. Bxe7 Kxe7 18. Ng5 Rad8 19. f4 Rd5 20. Nxe6
Kxe6 21. c4 Rdd8 22. g3 1/2-1/2

 f5 g5 25. Qh3 Qxh3 26. Rxh3 Nc6 27. fxe6 fxe6
28. Bxg5 Nxe5 29. Bf1 Nxg4 30. Rg3 Nf2+ 31. Kg2 Ne4 32. Rg4 h5 33. Rxe4 dxe4
34. Bxb5 Bd4 35. Bd7 Rc2+ 36. Kg3 Rf8 37. Be7 Be5+ 38. Kh3 1/2-1/2

[Event "4NCL 3 South pool C"]
[Site "Reading, ENG"]
[Date "2018.05.06"]
[Round "10.22"]
[White "Frostick, Clive A"]
[Black "Pleasants, Allan J"]
[Result "0-1"]
[WhiteElo "2157"]
[BlackElo "2118"]
[PlyCount "64"]
[EventDate "2018.05.06"]

1. e4 d6 2. d4 g6 3. Bc4 Bg7 4. Nf3 Nf6 5. Qe2 O-O 6. O-O c6 7. Bb3 a5 8. a4
Na6 9. Rd1 Nc7 10. c3 b6 11. Nbd2 Ba6 12. Bc4 Bb7 13. Bd3 d5 14. exd5 Ncxd5 15.
Ne4 Nxe4 16. Qxe4 Qd6 17. Qh4 Rad8 18. Ng5 Nf6 19. Bf4 Qd7 20. Re1 c5 21. Bb5
Qd5 22. Qh3 cxd4 23. Bc7 Qxg5 24. Bxd8 Rxd8 25. Rxe7 dxc3 26. bxc3 Qd5 27. Rae1
Bf8 28. R7e5 Qd2 29. Qh4 Kg7 30. h3 Bc5 31. Bc4 Qxc3 32. Qf4 Bd6 0-1

[Event "4NCL 3 South pool C"]
[Site "Reading, ENG"]
[Date "2018.05.06"]
[Round "10.23"]
[White "McDougall, William M"]
[Black "Farrand, Tom"]
[Result "0-1"]
[WhiteElo "2073"]
[BlackElo "2145"]
[PlyCount "56"]
[EventDate "2018.05.06"]

1. d4 f5 2. Nf3 e6 3. g3 Nf6 4. Bg2 Be7 5. O-O O-O 6. c4 d6 7. Nc3 Ne4 8. Qc2
Nxc3 9. Qxc3 a5 10. b3 Nc6 11. Bb2 Bf6 12. Rad1 Qe8 13. Qc2 e5 14. dxe5 dxe5
15. Nd2 Qh5 16. a3 e4 17. Nb1 Be6 18. f3 Bxb2 19. Qxb2 f4 20. gxf4 Rxf4 21. e3
Rh4 22. f4 Rxh2 23. Nc3 Ne7 24. Nxe4 Nf5 25. Qf2 Nh4 26. Nf6+ gxf6 27. Qg3+ Bg4
28. Bxb7 Rh3 0-1

[Event "4NCL 3 South pool C"]
[Site "Reading, ENG"]
[Date "2018.05.06"]
[Round "10.24"]
[White "Amato, Giampiero"]
[Black "Wilson, Jaimie"]
[Result "0-1"]
[WhiteElo "2095"]
[BlackElo "2018"]
[PlyCount "108"]
[EventDate "2018.05.06"]

1. e4 c6 2. c4 d5 3. cxd5 cxd5 4. exd5 Nf6 5. Nc3 Nxd5 6. Nf3 e6 7. d4 Be7 8.
Bd3 O-O 9. O-O Nc6 10. Re1 Bf6 11. Be4 Nce7 12. Qd3 g6 13. Ne5 Bd7 14. Qf3 Bc6
15. Bh6 Bg7 16. Bxg7 Kxg7 17. Rad1 Rc8 18. h4 Nxc3 19. bxc3 Bxe4 20. Rxe4 b5
21. h5 Nd5 22. Rc1 Qg5 23. Rc2 Qxh5 24. g4 Qg5 25. Nd7 Rfd8 26. Nc5 h5 27. Qg3
Nf6 28. Rxe6 Qxg4 29. Qxg4 hxg4 30. Re7 Kf8 31. Rxa7 Ra8 32. Rb7 Rdb8 33. Rxb8+
Rxb8 34. Rb2 Ra8 35. Rxb5 Rxa2 36. Rb3 Nd5 37. Nd7+ Ke7 38. Ne5 Ke6 39. c4 Nf4
40. Re3 Kf5 41. d5 Nh3+ 42. Kf1 Nxf2 43. Nxf7 Ne4 44. d6 Rd2 45. Ke1 Rd4 46.
Ke2 Kf4 47. Rd3 Rxd3 48. Kxd3 g3 49. Ke2 g2 50. d7 g1=Q 51. d8=Q Qe3+ 52. Kd1
Qb3+ 53. Ke1 Ke3 54. Qd1 Qb2 0-1

[Event "4NCL 3 South pool C"]
[Site "Reading, ENG"]
[Date "2018.05.06"]
[Round "10.25"]
[White "Simons, Martin J"]
[Black "Scrimgour, Alan"]
[Result "0-1"]
[WhiteElo "2019"]
[BlackElo "2083"]
[PlyCount "132"]
[EventDate "2018.05.06"]

1. d4 Nf6 2. f3 d5 3. e4 dxe4 4. Nc3 exf3 5. Nxf3 e6 6. Bg5 Be7 7. Bd3 Nbd7 8.
O-O c5 9. dxc5 Nxc5 10. Bb5+ Bd7 11. Bxd7+ Ncxd7 12. Qe2 O-O 13. Kh1 Qa5 14.
Rad1 Rad8 15. Rd4 Rfe8 16. Bd2 Qb6 17. Rc4 Nd5 18. Rb1 Qa6 19. Ra4 Qxe2 20.
Nxe2 a6 21. Nc3 N5b6 22. Re4 Nf6 23. Re2 Nc4 24. Bc1 Nd5 25. Ne4 h6 26. b3 Na3
27. Bxa3 Bxa3 28. c4 Nf4 29. Ree1 f5 30. Nf2 Bc5 31. Nd1 Kf7 32. b4 Bd4 33.
Nxd4 Rxd4 34. Ne3 Nd3 35. Re2 g5 36. Rd2 Red8 37. Kg1 Ne5 38. Rxd4 Rxd4 39. b5
a5 40. c5 Ke7 41. c6 bxc6 42. b6 Nd7 43. Rc1 Nxb6 44. Rxc6 Rb4 45. Kf2 Kd7 46.
Rc2 Kd6 47. Ke2 h5 48. Kd3 f4 49. Nd1 e5 50. Nc3 Rd4+ 51. Ke2 Ke6 52. Rb2 Na4
53. Rb3 Nxc3+ 54. Rxc3 Ra4 55. a3 Kd5 56. h3 e4 57. Kd2 Kd4 58. Rb3 e3+ 59. Ke2
Ke4 60. Rb5 g4 61. hxg4 hxg4 62. Rb3 f3+ 63. gxf3+ gxf3+ 64. Ke1 Rc4 65. Rb1
Rc2 66. Rb3 Rc1# 0-1

[Event "4NCL 3 South pool C"]
[Site "Reading, ENG"]
[Date "2018.05.06"]
[Round "10.26"]
[White "Fegan, Chris"]
[Black "Clark, Ian C"]
[Result "1/2-1/2"]
[WhiteElo "2036"]
[BlackElo "2006"]
[PlyCount "114"]
[EventDate "2018.05.06"]

1. Nf3 d5 2. g3 Nc6 3. Bg2 Nf6 4. O-O g6 5. c4 Bg7 6. cxd5 Nxd5 7. e4 Nb6 8.
Nc3 O-O 9. d3 Bg4 10. h3 Bxf3 11. Bxf3 Ne5 12. Be2 Qd7 13. d4 Nc6 14. d5 Nd4
15. Bg4 f5 16. Be3 fxg4 17. Bxd4 Bxd4 18. Qxd4 gxh3 19. e5 Rad8 20. Rad1 Qf5
21. Rd3 c5 22. Qe4 Qxe4 23. Nxe4 c4 24. Ra3 Rxd5 25. Rxa7 Rxe5 26. Rxb7 Rxe4
27. Rxb6 Ra8 28. Ra1 Re2 29. a4 Rd8 30. Rb4 Rdd2 31. Rf1 Rxb2 32. Rxc4 Ra2 33.
Rh4 e5 34. Rxh3 Rxa4 35. Rb1 Ra7 36. Rh4 Rf7 37. Rh2 e4 38. Kf1 Re3 39. Kg1
Ref3 40. Re1 e3 41. Rxe3 $11 41... Rxe3 42. fxe3 Rf3 43. Kg2 Rxe3 44. Rh1 Kg7
45. Ra1 h5 46. Ra5 Kf6 47. Ra6+ Kf5 48. Kf2 Re5 49. Ra8 g5 50. Kf3 g4+ 51. Kf2
Rb5 52. Rf8+ Kg6 53. Rg8+ Kf7 54. Rh8 Kg7 55. Ra8 Rb2+ 56. Ke3 Rb3+ 57. Kf4
Rb4+ 1/2-1/2

[Event "4NCL 3 South pool C"]
[Site "Reading, ENG"]
[Date "2018.05.06"]
[Round "10.31"]
[White "Brown, Thomas"]
[Black "Hadi, Justin"]
[Result "0-1"]
[WhiteElo "2076"]
[BlackElo "2013"]
[PlyCount "58"]
[EventDate "2018.05.06"]

1. d4 Nf6 2. c4 e6 3. Nf3 Bb4+ 4. Nc3 b6 5. Bg5 Bb7 6. e3 h6 7. Bh4 Qe7 8. Nd2
c5 9. a3 Bxc3 10. bxc3 d6 11. f4 e5 12. fxe5 dxe5 13. d5 g5 14. Bg3 Nbd7 15. e4
Kd8 16. Be2 Ne8 17. h4 Nd6 18. hxg5 Kc7 19. gxh6 Rag8 20. Bf2 Rxg2 21. Qc2 Qf6
22. Bf3 Rg6 23. Be3 Nxc4 24. Nxc4 Qxf3 25. Rf1 Qg3+ 26. Kd2 Qh2+ 27. Rf2 Rg2
28. Rxg2 Qxg2+ 29. Kc1 Qf1+ 0-1

[Event "4NCL 3 South pool C"]
[Site "Reading, ENG"]
[Date "2018.05.06"]
[Round "10.32"]
[White "McKenna, Jason P"]
[Black "Heaven, Pete"]
[Result "1/2-1/2"]
[WhiteElo "2091"]
[BlackElo "2022"]
[PlyCount "48"]
[EventDate "2018.05.06"]

1. e4 c5 2. Nf3 d6 3. d4 cxd4 4. Nxd4 Nf6 5. Nc3 a6 6. Be2 e5 7. Nb3 Be7 8. O-O
Be6 9. Bf3 Nbd7 10. Be3 b5 11. a4 b4 12. Nd5 Bxd5 13. exd5 a5 14. Re1 O-O 15.
Qd2 Nb6 16. Bxb6 Qxb6 17. Nd4 Qxd4 18. Qxd4 exd4 19. Rxe7 Rac8 20. Re2 Rc5 21.
Rd1 Rfc8 22. Rxd4 Rxc2 23. Rxc2 Rxc2 24. g3 Rxb2 1/2-1/2

[Event "4NCL 3 South pool C"]
[Site "Reading, ENG"]
[Date "2018.05.06"]
[Round "10.33"]
[White "Hewitt, William"]
[Black "Burrows, Nick"]
[Result "1/2-1/2"]
[WhiteElo "2023"]
[BlackElo "2057"]
[PlyCount "41"]
[EventDate "2018.05.06"]

1. e4 g6 2. d4 Bg7 3. Nc3 c6 4. f4 d5 5. e5 h5 6. Nf3 Nh6 7. Be3 Qb6 8. Na4
Qa5+ 9. c3 Bg4 10. Be2 O-O 11. O-O Nd7 12. Qb3 e6 13. h3 Bxf3 14. Bxf3 b6 15.
Rfc1 b5 16. Nc5 Nxc5 17. dxc5 Nf5 18. Bd2 h4 19. Bg4 Rfb8 20. Bxf5 gxf5 21. Qd1
1/2-1/2

[Event "4NCL 3 South pool C"]
[Site "Reading, ENG"]
[Date "2018.05.06"]
[Round "10.34"]
[White "Alizada, Eldar"]
[Black "Young, Alan"]
[Result "1-0"]
[WhiteElo "2058"]
[BlackElo "2023"]
[PlyCount "103"]
[EventDate "2018.05.06"]

1. d4 d5 2. Nf3 Nf6 3. c4 dxc4 4. e3 Bg4 5. Bxc4 e6 6. h3 Bh5 7. Nc3 a6 8. g4
Bg6 9. Ne5 Nfd7 10. Nxg6 hxg6 11. Bf1 Nc6 12. Bg2 Nb6 13. O-O Be7 14. b3 O-O
15. Bb2 Qd7 16. Rc1 Rfd8 17. Ne4 Nd5 18. Nc5 Qc8 19. Qf3 g5 20. a3 a5 21. Rc2
Nb8 22. Rfc1 c6 23. Qe4 Nd7 24. Nd3 Qc7 25. Qf3 Qb6 26. e4 N5f6 27. Ne1 Nf8 28.
Qe3 Ng6 29. Nf3 Nf4 30. Nxg5 Nxg2 31. Kxg2 Rd7 32. Nf3 Rad8 33. Ne5 Rc7 34. f3
Bf8 35. Qc3 Nd7 36. Nc4 Qa7 37. Qxa5 Qb8 38. Qc3 Nf6 39. b4 Rcd7 40. Qe3 Be7
41. Ne5 Rd6 42. Qf4 Rf8 43. Nc4 Rdd8 44. Qxb8 Rxb8 45. Bc3 Rfd8 46. Nb6 Ne8 47.
Kf2 Nc7 48. Ke3 e5 49. dxe5 Ne6 50. f4 g5 51. f5 Nf4 52. Bd4 1-0

[Event "4NCL 3 South pool C"]
[Site "Reading, ENG"]
[Date "2018.05.06"]
[Round "10.35"]
[White "Ralphs, Nigel"]
[Black "Cole, James"]
[Result "1/2-1/2"]
[WhiteElo "1981"]
[BlackElo "1945"]
[PlyCount "52"]
[EventDate "2018.05.06"]

1. e4 c6 2. d4 d5 3. e5 Bf5 4. Nf3 e6 5. Be2 c5 6. O-O cxd4 7. Nxd4 Ne7 8. Nxf5
Nxf5 9. Bd3 Ne7 10. Re1 Nbc6 11. Nd2 Ng6 12. Nf3 Bc5 13. Be3 Be7 14. Bd4 O-O
15. c3 Qc7 16. g3 Rfc8 17. h4 a6 18. h5 Nf8 19. Qe2 Nxd4 20. Nxd4 Bc5 21. Rad1
Bxd4 22. cxd4 Qd8 23. Qg4 Rc6 24. h6 g6 25. Qf4 Rac8 26. Rc1 Rxc1 1/2-1/2

[Event "4NCL 3 South pool C"]
[Site "Reading, ENG"]
[Date "2018.05.06"]
[Round "10.36"]
[White "Terry, Sean"]
[Black "Trevelyan, John"]
[Result "0-1"]
[WhiteElo "1932"]
[BlackElo "2006"]
[PlyCount "62"]
[EventDate "2018.05.06"]
[WhiteTeam "Oxford 2"]
[BlackTeam "Rhyfelwyr Essyllwg"]

1. e4 d6 2. d4 e5 3. Nf3 Nc6 4. d5 Nce7 5. Nc3 g6 6. Bd3 Bg7 7. O-O f5 8. Ne1
f4 9. g3 g5 10. Be2 Bh3 11. Bb5+ Kf8 12. Ng2 Nf6 13. f3 h5 14. Rf2 Ng6 15. Bf1
Qd7 16. Qe2 Ke7 17. Ne1 fxg3 18. hxg3 h4 19. Bxh3 Qxh3 20. Rh2 Qxg3+ 21. Rg2
Nf4 22. Bxf4 gxf4 23. Qc4 Nd7 24. Rxg3 hxg3 25. Qxc7 Rac8 26. Qxb7 Rb8 27. Qxa7
Rh2 28. a4 Rbh8 29. Kf1 Rd2 30. Rd1 Rh1+ 31. Qg1 Rf2# 0-1

[Event "4NCL 3 South pool C"]
[Site "Reading, ENG"]
[Date "2018.05.06"]
[Round "10.41"]
[White "Nettleton, Charlie B"]
[Black "Tippleston, Charles E"]
[Result "0-1"]
[WhiteElo "2162"]
[BlackElo "2083"]
[PlyCount "92"]
[EventDate "2018.05.06"]

1. b3 e5 2. Bb2 Nc6 3. e3 d5 4. Bb5 Bd6 5. Nf3 f6 6. c4 Nge7 7. Nc3 a6 8. Ba4
dxc4 9. bxc4 O-O 10. Bb3 Kh8 11. Ne4 Bf5 12. Nxd6 Qxd6 13. d4 exd4 14. Nxd4
Qb4+ 15. Qd2 Qxd2+ 16. Kxd2 Rfd8 17. Kc3 Bg6 18. Rad1 Bf7 19. h4 Kg8 20. g4 Ne5
21. Ba3 N7c6 22. Nxc6 Nxc6 23. g5 f5 24. h5 Ne5 25. h6 Ng4 26. hxg7 Nxf2 27.
Rxd8+ Rxd8 28. Rf1 Ne4+ 29. Kb2 Kxg7 30. Rxf5 Re8 31. Kc2 Kg6 32. Rf4 Nxg5 33.
Kd3 Be6 34. Bb2 Bf5+ 35. Ke2 h5 36. c5 Ne6 37. Rc4 Bg4+ 38. Kf2 Rf8+ 39. Kg2
Bf3+ 40. Kg3 Bd5 41. Rc1 Bxb3 42. axb3 c6 43. Be5 Kf5 44. Bd6 Rg8+ 45. Kf3 Rg4
46. Bf4 Nxf4 0-1

[Event "4NCL 3 South pool C"]
[Site "Reading, ENG"]
[Date "2018.05.06"]
[Round "10.42"]
[White "Reuben, Stewart"]
[Black "Somerfield, Adrian P"]
[Result "1/2-1/2"]
[WhiteElo "2026"]
[BlackElo "2085"]
[PlyCount "34"]
[EventDate "2018.05.06"]

1. d4 Nf6 2. c4 e6 3. Nc3 d5 4. Bg5 c6 5. e3 Nbd7 6. cxd5 exd5 7. Bd3 Be7 8.
Qc2 O-O 9. Nf3 Re8 10. O-O Nf8 11. Ne5 Ng6 12. Bxg6 hxg6 13. Rab1 $11 13... Nh5
14. Bxe7 Qxe7 15. b4 a6 16. Na4 Qg5 17. Nb6 Rb8 1/2-1/2

[Event "4NCL 3 South pool C"]
[Site "Reading, ENG"]
[Date "2018.05.06"]
[Round "10.43"]
[White "Chan, Nevil"]
[Black "Habershon, Paul F"]
[Result "1/2-1/2"]
[WhiteElo "2019"]
[BlackElo "2029"]
[PlyCount "92"]
[EventDate "2018.05.06"]

1. d4 e6 2. Nc3 d5 3. Nf3 Nf6 4. Bg5 Be7 5. e3 O-O 6. Bd3 Nbd7 7. O-O c5 8. Ne5
c4 9. Be2 Nxe5 10. dxe5 Nd7 11. Bxe7 Qxe7 12. f4 f6 13. Qd4 Qc5 14. exf6 Qxd4
15. exd4 Nxf6 16. Bf3 g6 17. Rae1 Bd7 18. Nd1 b5 19. c3 a5 20. Ne3 b4 21. Ng4
Nxg4 22. Bxg4 bxc3 23. bxc3 Kf7 24. Rb1 Rab8 25. Rfe1 a4 26. Rb4 Rxb4 27. cxb4
Ke7 28. g3 Rc8 29. Rc1 c3 30. Be2 a3 31. Bd3 Ba4 32. Kf2 Kd6 33. Ke3 Rc6 34. h4
Ke7 35. b5 Rc8 36. b6 c2 37. b7 Rb8 38. Bxc2 Bxc2 39. Rxc2 Rxb7 40. Rc3 Ra7 41.
g4 Kf6 42. Kf3 Kf7 43. g5 Kg7 44. Ke3 Kf7 45. Kd3 Ke7 46. Rb3 Kd6 1/2-1/2

[Event "4NCL 3 South pool C"]
[Site "Reading, ENG"]
[Date "2018.05.06"]
[Round "10.44"]
[White "Freeman, Richard C P"]
[Black "Gooding, Ian"]
[Result "1/2-1/2"]
[WhiteElo "2007"]
[BlackElo "1982"]
[PlyCount "47"]
[EventDate "2018.05.06"]

1. e4 e6 2. b3 d5 3. Bb2 Nf6 4. e5 Nfd7 5. f4 c5 6. Nf3 Nc6 7. Bb5 Qb6 8. Bxc6
bxc6 9. O-O Be7 10. d3 c4+ 11. d4 O-O 12. Kh1 a5 13. Nbd2 a4 14. Bc3 cxb3 15.
cxb3 Ba6 16. Re1 axb3 17. Nxb3 Bc4 18. Qc2 Ra6 19. Nbd2 c5 20. Nxc4 dxc4 21.
Bd2 Rfa8 22. Qxc4 Ra4 23. dxc5 Qxc5 24. Qxc5 1/2-1/2

[Event "4NCL 3 South pool C"]
[Site "Reading, ENG"]
[Date "2018.05.06"]
[Round "10.45"]
[White "Fulton, Anthony R"]
[Black "Smith, Graham"]
[Result "0-1"]
[WhiteElo "1994"]
[BlackElo "2030"]
[PlyCount "64"]
[EventDate "2018.05.06"]

1. d4 Nf6 2. c4 e6 3. Nf3 Bb4+ 4. Bd2 Qe7 5. a3 Bxd2+ 6. Nbxd2 d6 7. e3 O-O 8.
Be2 e5 9. d5 Bg4 10. e4 a5 11. b4 axb4 12. axb4 Rxa1 13. Qxa1 Na6 14. Qa3 g6
15. O-O Nh5 16. Rc1 f5 17. h3 Nf4 18. Bd1 Bh5 19. Rb1 h6 20. Kh2 fxe4 21. Nxe4
g5 22. g3 Nxh3 23. Kxh3 g4+ 24. Kh2 gxf3 25. Qe3 Kg7 26. Rb3 Qf7 27. Nd2 Qf5
28. Bxf3 Bxf3 29. Nxf3 e4 30. Qc3+ Kh7 31. Nh4 Qxf2+ 32. Ng2 Rf3 0-1

[Event "4NCL 3 South pool C"]
[Site "Reading, ENG"]
[Date "2018.05.06"]
[Round "10.46"]
[White "Lambourne, Dan M"]
[Black "Webster, Peter AN"]
[Result "1/2-1/2"]
[WhiteElo "1972"]
[BlackElo "1897"]
[PlyCount "173"]
[EventDate "2018.05.06"]

1. d4 e6 2. Nf3 Nf6 3. Bf4 c5 4. e3 Qb6 5. Qc1 Nc6 6. c3 Nh5 7. Bg3 Nxg3 8.
hxg3 d5 9. Bd3 g6 10. Nbd2 Bg7 11. dxc5 Qxc5 12. Nb3 Qe7 13. e4 dxe4 14. Bxe4
f5 15. Bxc6+ bxc6 16. Qe3 e5 17. Qc5 Qxc5 18. Nxc5 Rb8 19. O-O-O O-O 20. Rd6
Rb6 21. Ng5 f4 22. gxf4 Rxf4 23. f3 h6 24. Nge6 Bxe6 25. Nxe6 Rf7 26. Nxg7 Kxg7
27. Re6 Rfb7 28. b3 Ra6 29. Kb1 Rb5 30. Re1 Rba5 31. Re2 Rd5 32. R6xe5 Rxe5 33.
Rxe5 Kf6 34. Re4 h5 35. a4 Kf5 36. Kc2 Ra5 37. c4 g5 38. Kd3 c5 39. g4+ hxg4
40. fxg4+ Kf6 41. Re8 Ra6 42. Rf8+ Kg6 43. Rf5 Rd6+ 44. Rd5 Rf6 45. Rxc5 Rf3+
46. Kc2 Rg3 47. Rc6+ Kf7 48. b4 Rxg4 49. Kd3 Rf4 50. Ke3 Rf1 51. Rd6 Rb1 52. b5
Rb4 53. Rc6 Rxa4 54. Kf3 Ra1 55. Kg4 Rg1+ 56. Kf3 Rf1+ 57. Kg4 Rg1+ 58. Kf5 g4
59. Rc7+ Kf8 60. Kf4 g3 61. Kf3 g2 62. Kf2 Rb1 63. Kxg2 Rb4 64. Kf3 Ke8 65. Ke3
Kd8 66. Rc5 Rb1 67. Kd4 Rd1+ 68. Ke5 Rh1 69. Rc6 Rh5+ 70. Kd4 Rh7 71. Kc5 Rh5+
72. Kb4 Rh1 73. Ra6 Rh7 74. b6 Rb7 75. c5 axb6 76. cxb6 Kc8 77. Kb5 Kb8 78. Ra3
Rh7 79. Kc6 Rh6+ 80. Kb5 Rh7 81. Ka6 Ka8 82. Rg3 Ra7+ 83. Kb5 Ra1 84. Rg8+ Kb7
85. Rg7+ Kb8 86. Rg8+ Kb7 87. Rg7+ 1/2-1/2